| 000 | 01144nam a22002537a 4500 | ||
|---|---|---|---|
| 003 | DO-CoUTE | ||
| 005 | 20251016113024.0 | ||
| 008 | 251016b dr ||||| |||| 00| 0 spa d | ||
| 040 |
_aDO-CoUTE _bspa _cDO-CoUTE |
||
| 041 | _aspa | ||
| 092 | _aGEM 2023 F44 | ||
| 100 | 1 |
_aFigueroa Sánchez, Pedro _esustentante |
|
| 245 | 1 | 0 |
_aGestión Empresarial de los Sistemas de Calidad Fundamentada en las Normas ISO 9000, 9001, y 9004, en Empresas Comerciales de Cotuí / _cPedro Figueroa Sánchez ; asesor, Marién Emilio Acosta Otáñez |
| 260 |
_aCotuí, República Dominicana ; _bUTECO, _c2023 |
||
| 300 |
_a90 paginas : _c23cm, _e+ 1 CD-ROM |
||
| 502 | _a Trabajo PostGrado en ( Gestion Empresarial) Universidad Tecnológica del Cibao Oriental, 2023. | ||
| 504 | _aIncluye referencia bibliográfica e índice. | ||
| 650 | 4 | _aGestion Empresarial | |
| 700 | 1 |
_aPedro Figueroa Sánchez _esustentante |
|
| 700 | 1 |
_aMarién Emilio Acosta Otáñez _easesor |
|
| 830 | _aTesis y disertaciones académicas (Universidad Tecnológica del Cibao Oriental) | ||
| 856 | _yHaga Click Aquí para Descargar en Texto Completo | ||
| 942 |
_2ddc _cTH |
||
| 999 |
_c23933 _d23933 |
||